Road to reconstruction
Gespeichert in:
| 1. Verfasser: | |
|---|---|
| Format: | Buch |
| Sprache: | Undetermined |
| Veröffentlicht: |
Tokyo
The Foreign Affairs Association of Japan
1973
|
| Schlagworte: | |
| Tags: |
Tag hinzufügen
Keine Tags, Fügen Sie den ersten Tag hinzu!
|
| Thư viện lưu trữ: | Trung tâm Học liệu Trường Đại học Cần Thơ |
|---|
| LEADER | 00459nam a2200169Ia 4500 | ||
|---|---|---|---|
| 001 | CTU_79430 | ||
| 008 | 210402s9999 xx 000 0 und d | ||
| 082 | |a 355.028 | ||
| 082 | |b K19 | ||
| 100 | |a Fusajiro, Kato | ||
| 245 | 0 | |a Road to reconstruction | |
| 245 | 0 | |c Fusajiro Kato | |
| 260 | |a Tokyo | ||
| 260 | |b The Foreign Affairs Association of Japan | ||
| 260 | |c 1973 | ||
| 650 | |a Reconstruction | ||
| 980 | |a Trung tâm Học liệu Trường Đại học Cần Thơ | ||